Directional School Nicknames - Statistics

General Stats
  • This quiz has been taken 14 times
  • The average score is 26 of 34
Answer Stats
School Nickname % Correct
Eastern Michigan Eagles
100%
North Carolina Central Eagles
100%
Eastern Washington Eagles
100%
Central Arkansas Bears
92%
Northern Colorado Bears
92%
Western Kentucky Hilltoppers
92%
East Carolina Pirates
92%
Southern California Trojans
92%
South Florida Bulls
83%
Central Michigan Chippewas
83%
Northern Illinois Huskies
83%
Eastern Illinois Panthers
83%
Northern Iowa Panthers
83%
Southern Illinois (Carbondale) Salukis
83%
Texas Southern Tigers
83%
Southern Mississippi Golden Eagles
75%
Central Florida Knights
75%
Middle Tennessee State Blue Raiders
67%
Western Michigan Broncos
67%
South Alabama Jaguars
67%
Western Illinois Leathernecks
67%
North Alabama Lions
67%
Southeastern Louisiana Lions
67%
Northern Arizona Lumberjacks
67%
North Texas Mean Green
67%
Southeast Missouri State Redhawks
67%
Central Connecticut State Blue Devils
58%
East Tennessee State Buccaneers
58%
Western Carolina Catamounts
58%
Eastern Kentucky Colonels
58%
Southern Illinois (Edwardsville) Cougars
58%
Northern Kentucky Norse
58%
North Florida Ospreys
58%
Southern Utah Thunderbirds
50%
No matching quizzes found
Score Distribution
Percent of People with Each Score
Percentile by Number Answered
Your Score History
You have not taken this quiz